Líšeňské projevy prezidenta republiky Klementa Gottwalda a předsedy vlády Antonína Zápotockého

Gespeichert in:
Bibliographische Detailangaben
Format: Buch
Sprache:Tschechisch
Veröffentlicht: Brno Krajské nakladatelství KNV 1950
Tags: Tag hinzufügen
Keine Tags, Fügen Sie das erste Tag hinzu!

MARC

LEADER 00000nam a2200000 4500
001 0315056
005 20260219085026.9
041 0 |a cze 
044 |a CZ 
245 1 0 |a Líšeňské projevy prezidenta republiky Klementa Gottwalda a předsedy vlády Antonína Zápotockého 
264 1 |a Brno  |b Krajské nakladatelství KNV  |c 1950